| 000 | 00810cam a2200289 a 4500 | ||
|---|---|---|---|
| 001 | 60349 | ||
| 003 | CO-BoRNBP | ||
| 005 | 20260127164237.0 | ||
| 007 | ta | ||
| 008 | 081027s2004 ve a gr 000 0 spa | ||
| 020 | _a9806573005 | ||
| 040 |
_aCO-BoBN _bspa _cCO-BoBN |
||
| 082 | 0 | 4 |
_a152.46 _221 |
| 084 | _a0 | ||
| 100 | 1 |
_aMichelena, Corina _968396 |
|
| 245 | 1 | 3 |
_aEl libro de los miedos / _c[texto e ilustraciones Corina Michelena] |
| 250 | _a1a. ed. | ||
| 300 |
_a32 p. : _bil. ; _c26 cm |
||
| 336 |
_2rdacontent _atexto _btxt |
||
| 337 |
_2rdamedia _asin mediación _bn |
||
| 338 |
_2rdacarrier _avolumen _bnc |
||
| 504 | _aBibliografía al final del texto. | ||
| 650 | 1 | 4 |
_aMiedo _2LEMB _968397 |
| 650 | 1 | 4 |
_aMiedo _xLiteratura juvenil _2LEMB _968398 |
| 650 | 2 | 4 |
_aFobias _2LEMB _92905 |
| 942 |
_2ddc _cBK |
||
| 999 |
_c60349 _d60349 |
||